000 00319 a2200157 4500
001 59103
020 _a851604128X
040 _cAnchieta - Pituba
100 _aD'Araujo, Maria Celina
240 1 0 _aA era Vargas
_lpor
245 1 0 _aA era Vargas
300 _a120
362 0 _a2004
650 4 _aBrasil
942 _cBK
999 _c59103
_d59103